<?xml version="1.0" encoding="UTF-8"?>
<record
    xmlns:xsi="http://www.w3.org/2001/XMLSchema-instance"
    xsi:schemaLocation="http://www.loc.gov/MARC21/slim http://www.loc.gov/standards/marcxml/schema/MARC21slim.xsd"
    xmlns="http://www.loc.gov/MARC21/slim">

  <leader>00495    a2200133   4500</leader>
  <controlfield tag="001">142465</controlfield>
  <datafield tag="040" ind1=" " ind2=" ">
    <subfield code="c">Leonardo Da Vinci</subfield>
  </datafield>
  <datafield tag="041" ind1=" " ind2=" ">
    <subfield code="a">Portugu&#xEA;s</subfield>
  </datafield>
  <datafield tag="082" ind1=" " ind2=" ">
    <subfield code="a">v207</subfield>
  </datafield>
  <datafield tag="100" ind1=" " ind2=" ">
    <subfield code="a">COL&#xC9;GIO Leonardo da Vinci - Anglo</subfield>
  </datafield>
  <datafield tag="245" ind1=" " ind2=" ">
    <subfield code="a">CHERNOBIL &#xC0; SERRA PELADA</subfield>
  </datafield>
  <datafield tag="697" ind1=" " ind2=" ">
    <subfield code="a">Anglo</subfield>
    <subfield code="a">Hist&#xF3;ria</subfield>
    <subfield code="a">Rios</subfield>
    <subfield code="a">Chernobil</subfield>
    <subfield code="a">Acidente Nuclear</subfield>
    <subfield code="a">Rio S&#xE3;o Francisco</subfield>
    <subfield code="a">Rio Jaguaribe</subfield>
    <subfield code="a">Usina de Itaip&#xFA;</subfield>
    <subfield code="a">Efeito Estufa</subfield>
    <subfield code="a">Brasilguaios</subfield>
    <subfield code="a">Hidroel&#xE9;trica de Balbina</subfield>
    <subfield code="a">Problema do Solo</subfield>
    <subfield code="a">Arroz</subfield>
    <subfield code="a">Serra Pelada</subfield>
    <subfield code="a">Garimpo</subfield>
  </datafield>
  <datafield tag="942" ind1=" " ind2=" ">
    <subfield code="c">VM</subfield>
  </datafield>
  <datafield tag="952" ind1=" " ind2=" ">
    <subfield code="0">0</subfield>
    <subfield code="1">0</subfield>
    <subfield code="4">0</subfield>
    <subfield code="7">0</subfield>
    <subfield code="a">72.1</subfield>
    <subfield code="b">72.1</subfield>
    <subfield code="d">2024-03-27</subfield>
    <subfield code="l">0</subfield>
    <subfield code="o">v207</subfield>
    <subfield code="p">A0213LVA</subfield>
    <subfield code="r">2024-03-27 22:46:58</subfield>
    <subfield code="w">2024-03-27</subfield>
    <subfield code="y">VM</subfield>
  </datafield>
  <datafield tag="999" ind1=" " ind2=" ">
    <subfield code="c">142465</subfield>
    <subfield code="d">142465</subfield>
  </datafield>
</record>
